000 01716cam a22004454i 4500
003 PE-LiUPU
005 20250731172728.0
008 150617s1986 xxu r 000 0 spa d
035 _a(Sirsi) a11398
040 _aPE-LiUPU
_bspa
_cPE-LiUPU
_erda
049 _aPRUA
082 0 4 _a224
_bE11
_221
100 1 _aEarle, Ralph,
_eautor.
245 1 0 _aConozca los Profetas Mayores /
_cRalph Earle.
264 1 _aKansas, Missouri :
_bCasa Nazarena de Plublicaciones,
_c1986.
300 _a132 páginas ;
_c19 centímetros
336 _atext
_2rdacontent
337 _aunmediated
_2rdamedia
338 _avolume
_2rdacarrier
505 0 _aEl príncipe de los profetas -- El profeta de consuelo -- El profeta llorón -- El profeta del castigo -- El profeta cautivo -- El profeta apocalíptico. El príncipe de los profetas -- El profeta de consuelo -- El profeta llorón -- El profeta del castigo -- El profeta cautivo -- El profeta apocalíptico.
526 _aSEG42
526 _aSEG41
526 _aSEG40
526 _aSEG39
526 _aP94
526 _aP87
526 _aP86
526 _aP85
526 _aP77
526 _aP76
526 _aP35
630 _aBiblia
_pA.T.
_pProfetas mayores
_xIntroducciones.
910 _ajck
_bjvq
_cjck
_d20150616
942 _2ddc
_cBOOK
949 _a224 E11
_wDEWEY
_c1
_i05670
_lCCODEBUL1
_mBUL
_p00.00
_r0
_sY
_tBOOK
_u19861007
_xTEOLOGIA
_PP35
_0COMPRA
_o.STAFF. Colección General
994 _aC0
_bPEPRU
596 _a1
999 _a224 E11
_wDEWEY
_c1544
_i05670
_d1544
_e2019-3-25
_f2021-11-11
_g5
_lCCODEBUL1
_mBUL
_n5
_p12.00
_q2
_r0
_sY
_tBOOK
_u2015-6-17
_xTEOLOGIA
_PP35
_0COMPRA
_o.STAFF. Colección Teología
980 _81
_gALBERTO SANCHEZ Responsable de Automatización